• 首页
  • 本馆介绍
  • 公告通知
  • 最新文献
  • 馆藏检索
  • 电子资源
  • 读者导购
  • 参考咨询
  • 我的图书馆
  • 登录
  • 详细信息显示
  • 放入我的书架
  • 预约/预借图书
  • 作者相关作品
  • 分类相关作品
  • 丛书相关作品
  • 出版社相关作品

书目信息

  • 表格格式
  • 工作单格式
  • 卡片格式
题名:
2017中国年度作品
    
 
作者: 杨晓敏 主编
分册:  
出版信息: 北京   现代出版社  2018
页数: 243页
开本: 23cm
丛书名: 2017中国年度作品系列
单 册:
中图分类: I217.61 , I247.82
科图分类:
主题词: 中国文学--zhong guo wen xue--当代文学--选集 , 小小说--xiao xiao shuo--小说集--中国--当代
电子资源:
ISBN: 978-7-5143-6653-2
000 01105nam 2200313 450
001 012001005897
005 20131014154037.0
010    @a978-7-5143-6653-2@dCNY38.00
099    @aCAL 012018041759
100    @a20180314d2018 em y0chiy50 ea
101 0  @achi
102    @aCN@b110000
105    @ay z 000ay
106    @ar
200 1  @a2017中国年度作品@A2017 zhong guo nian du zuo pin@e小小说@f杨晓敏主编
210    @a北京@c现代出版社@d2018
215    @a243页@d23cm
225 2  @a2017中国年度作品系列@A2017 zhong guo nian du zuo pin xi lie
330    @a本书收录了《那盏叫父亲的灯》、《归航》、《燕子李三》、《双琴祭》、《父亲的请帖》、《魂系高原》、《巧遇》、《维权》等小说集。
333    @a青年读者、文学爱好者及相关读者。
410  0 @12001 @a2017中国年度作品系列
517 1  @a小小说@Axiao xiao shuo
606 0  @a中国文学@Azhong guo wen xue@x当代文学@j选集
606 0  @a小小说@Axiao xiao shuo@x小说集@y中国@z当代
690    @aI217.61@v5
690    @aI247.82@v5
701  0 @a杨晓敏@Ayang xiao min@4主编
801  2 @aCN@b上海新华@c20191020
905    @b1097976-9@dI217.61@e935@f4
    
    2017中国年度作品:小小说/杨晓敏主编.-北京:现代出版社,2018
    243页;23cm.-(2017中国年度作品系列)
    使用对象:青年读者、文学爱好者及相关读者。
    
    ISBN 978-7-5143-6653-2:CNY38.00
    本书收录了《那盏叫父亲的灯》、《归航》、《燕子李三》、《双琴祭》、《父亲的请帖》、《魂系高原》、《巧遇》、《维权》等小说集。
●
相关链接 在E读中查询图书 在五车中查询图书 在当当中查询图书 在豆瓣中查询图书


正题名:2017中国年度作品     索取号:I217.61/935         预约/预借

序号 登录号 条形码 馆藏地/架位号 状态 备注
1 1097976   210979761   第一样本阅览室/ [索取号:I217.61/935] 在馆    
2 1097977   210979770   第二借阅区/ [索取号:I217.61/935] 在馆    
3 1097978   210979789   第二借阅区/ [索取号:I217.61/935] 在馆    
4 1097979   210979798   第二借阅区/ [索取号:I217.61/935] 在馆    
唐山师范学院图书馆 欢迎您!
大连网信软件有限公司© 版权所有